[Event "TUR Cup"]
[Site "Denizli"]
[Date "2023.07.18"]
[Round "4"]
[White "Yeke, Serkan"]
[Black "Akdogan, Alperen"]
[Result "1/2-1/2"]
[WhiteElo "2054"]
[BlackElo "2219"]
[PlyCount "77"]
[EventDate "2023.07.16"]
[EventType "team-tourn"]
[EventRounds "9"]
[EventCountry "TUR"]
[SourceTitle "CBM 215 Extra"]
[Source "ChessBase"]
[SourceDate "2023.09.30"]
[SourceVersion "1"]
[SourceVersionDate "2023.09.30"]
[SourceQuality "1"]

1. e4 d5 2. d4 c6 3. e5 Bf5 4. h4 h5 5. Bg5 Qb6 6. Bd3 Bxd3 7. Qxd3 e6 8. Nd2 Qa6 9. c4 Nd7 10. Rh3 Ne7 11. Ne2 Rc8 12. Nc3 Nb6 13. b3 Nf5 14. cxd5 Qxd3 15. Rxd3 Nxd5 16. Nxd5 cxd5 17. Kd1 Kd7 18. Nf3 Bb4 19. Rc1 Rxc1+ 20. Bxc1 Rc8 21. Bd2 Be7 22. g3 f6 23. Rc3 Rf8 24. Bf4 Bd8 25. Ke2 Rg8 26. Kd3 Bb6 27. Rc1 Ne7 28. Rg1 Ng6 29. Be3 Bc7 30. g4 fxe5 31. gxh5 e4+ 32. Kd2 Ne7 33. Ne5+ Bxe5 34. dxe5 Nf5 35. h6 Ke7 36. Bxa7 Nxh6 37. Bb6 Nf7 38. Bd4 Nh6 39. Bb6 1/2-1/2

[Event "TUR-chT 2nd League"]
[Site "Konya"]
[Date "2022.08.24"]
[Round "4.2"]
[White "Taspinar, Yanki"]
[Black "Yeke, Serkan"]
[Result "1-0"]
[WhiteElo "2314"]
[BlackElo "2099"]
[PlyCount "97"]
[EventDate "2022.08.22"]
[EventType "team-swiss"]
[EventRounds "9"]
[EventCountry "TUR"]
[SourceTitle "CBM 210 Extra"]
[Source "ChessBase"]
[SourceDate "2022.11.30"]
[SourceVersion "1"]
[SourceVersionDate "2022.11.30"]
[SourceQuality "1"]
[WhiteTeam "Seyhan Belediye"]
[BlackTeam "Istanbul Sisli"]
[WhiteTeamCountry "TUR"]
[BlackTeamCountry "TUR"]

1. e4 b6 2. d4 Bb7 3. Bd3 e6 4. Nf3 c5 5. c3 Nf6 6. Nbd2 cxd4 7. cxd4 Nc6 8. a3 Be7 9. 0-0 0-0 10. Re1 d6 11. b4 e5 12. d5 Nb8 13. Nc4 Nbd7 14. Bd2 Ne8 15. Ne3 g6 16. Qb1 Ng7 17. a4 a6 18. Ra3 Rc8 19. Rf1 Rc7 20. Rc1 Rxc1+ 21. Bxc1 Qb8 22. Bd2 Bd8 23. Rb3 f5 24. exf5 gxf5 25. Nxf5 Bxd5 26. Bh6 Nxf5 27. Bxf8 Bxb3 28. Qxb3+ Kxf8 29. Bxf5 Qc7 30. g3 Nf6 31. Kg2 d5 32. Qe3 e4 33. Nd4 Kg8 34. Qg5+ Kh8 35. Be6 Qg7 36. Qf5 Be7 37. Bxd5 Bxb4 38. Bxe4 Nxe4 39. Qxe4 Qd7 40. Ne6 Kg8 41. Qg4+ Kh8 42. Qxb4 Qxe6 43. Qf8+ Qg8 44. Qxg8+ Kxg8 45. Kf3 Kf7 46. Ke4 Ke6 47. Kd4 h5 48. f3 Kd6 49. h4 1-0

[Event "Titled Tuesday intern op 9th June"]
[Site "Chess.com INT"]
[Date "2020.06.09"]
[Round "3"]
[White "Vlachos, Anatole"]
[Black "Yeke, Serkan"]
[Result "1-0"]
[WhiteElo "2401"]
[BlackElo "2099"]
[PlyCount "65"]
[EventDate "2020.06.09"]
[EventType "swiss (blitz)"]
[EventRounds "10"]
[EventCountry "USA"]
[SourceTitle "CBM 196 Extra"]
[Source "ChessBase"]
[SourceDate "2020.07.31"]
[SourceVersion "1"]
[SourceVersionDate "2020.07.31"]
[SourceQuality "1"]

1. f4 c5 2. Nf3 Nc6 3. g3 g6 4. Bg2 Bg7 5. 0-0 d6 6. e4 Nf6 7. Nc3 0-0 8. d3 Rb8 9. h3 b5 10. g4 b4 11. Ne2 Ne8 12. g5 Nc7 13. h4 Ba6 14. h5 c4 15. d4 c3 16. bxc3 bxc3 17. Be3 d5 18. e5 Qd7 19. Kh2 Bxe2 20. Qxe2 Qg4 21. h6 Bh8 22. Bh3 Qh5 23. Qg2 Rb2 24. Kg3 f5 25. exf6 exf6 26. Bg4 Ne7 27. Bxh5 Nf5+ 28. Kh3 Nxe3 29. Qe2 Nxf1 30. Bxg6 hxg6 31. Qe7 Rf7 32. Qe8+ Kh7 33. Qxf7+ 1-0

[Event "EU-ch Online U2300 Final"]
[Site "Chess.com INT"]
[Date "2020.05.26"]
[Round "4"]
[White "Yeke, Serkan"]
[Black "Shapiro, David"]
[Result "0-1"]
[WhiteElo "2099"]
[BlackElo "2392"]
[PlyCount "74"]
[EventDate "2020.05.26"]
[EventType "swiss"]
[EventRounds "8"]
[EventCountry "NET"]
[SourceTitle "CBM 196 Extra"]
[Source "ChessBase"]
[SourceDate "2020.07.31"]
[SourceVersion "1"]
[SourceVersionDate "2020.07.31"]
[SourceQuality "1"]

1. e4 c6 2. d3 d5 3. Nd2 g6 4. Ngf3 Bg7 5. g3 Nf6 6. Bg2 0-0 7. 0-0 c5 8. Re1 Nc6 9. exd5 Nxd5 10. Nc4 e6 11. a4 b6 12. Bg5 Qc7 13. Qc1 Re8 14. Bh6 Bh8 15. h4 Bb7 16. h5 a6 17. hxg6 hxg6 18. c3 b5 19. axb5 axb5 20. Rxa8 Rxa8 21. Ne3 Nce7 22. Ng4 Nf5 23. Bg5 c4 24. d4 b4 25. Nh4 Nxh4 26. Bxh4 Qa5 27. Nf6+ Bxf6 28. Bxf6 Nxf6 29. Bxb7 Rb8 30. Bg2 Nd5 31. Bxd5 Qxd5 32. Re5 Qf3 33. Rc5 bxc3 34. Qxc3 Qd1+ 35. Kg2 Rb3 36. Qxc4 Qf3+ 37. Kg1 Rd3 0-1

[Event "EU-ch Online U2300 Final"]
[Site "Chess.com INT"]
[Date "2020.05.26"]
[Round "6"]
[White "Yeke, Serkan"]
[Black "Skatchkov, Valery"]
[Result "1/2-1/2"]
[WhiteElo "2099"]
[BlackElo "2242"]
[PlyCount "50"]
[EventDate "2020.05.26"]
[EventType "swiss"]
[EventRounds "8"]
[EventCountry "NET"]
[SourceTitle "CBM 196 Extra"]
[Source "ChessBase"]
[SourceDate "2020.07.31"]
[SourceVersion "1"]
[SourceVersionDate "2020.07.31"]
[SourceQuality "1"]

1. Nf3 Nf6 2. c4 e6 3. Nc3 d5 4. d4 Bb4 5. cxd5 exd5 6. Bg5 Nbd7 7. e3 0-0 8. Bd3 c5 9. Qc2 Qa5 10. 0-0 c4 11. Bf5 g6 12. Bh3 Bxc3 13. bxc3 Ne4 14. Be7 Re8 15. Bb4 Qc7 16. a4 Ndf6 17. Bxc8 Raxc8 18. a5 Nd7 19. Nd2 Nxd2 20. Qxd2 f5 21. f3 Nf6 22. Rfe1 Re6 23. Qf2 Rce8 24. Re2 Kf7 25. Rae1 Kg7 1/2-1/2

[Event "EU-ch Online U2300 Qual"]
[Site "Chess.com INT"]
[Date "2020.05.25"]
[Round "1"]
[White "Yeke, Serkan"]
[Black "Kacprzak, Kacper"]
[Result "0-1"]
[WhiteElo "2099"]
[BlackElo "1977"]
[PlyCount "70"]
[EventDate "2020.05.25"]
[EventType "swiss"]
[EventRounds "8"]
[EventCountry "NET"]
[SourceTitle "EXT 2021"]
[Source "ChessBase"]
[SourceDate "2020.10.23"]
[SourceVersion "1"]
[SourceVersionDate "2020.10.23"]
[SourceQuality "1"]

1. Nf3 Nf6 2. c4 d6 3. d4 Nbd7 4. Nc3 g6 5. e4 e5 6. Be3 Bg7 7. d5 a5 8. Nd2 0-0 9. Be2 Nc5 10. h4 c6 11. a4 cxd5 12. cxd5 Bd7 13. g4 Qb6 14. g5 Nh5 15. Nc4 Qb4 16. Bd2 Nb3 17. Nb5 Nxd2 18. Qxd2 Bxb5 19. axb5 Qc5 20. Rxa5 Rxa5 21. Qxa5 Nf4 22. Qd2 Ra8 23. 0-0 Qxb5 24. Re1 Qd7 25. Qe3 Ra6 26. Bf1 Qd8 27. b4 h6 28. b5 Ra2 29. Qg3 hxg5 30. hxg5 f6 31. gxf6 Qxf6 32. Ne3 Ra3 33. Kh2 Nh5 34. Ng4 Qf4 35. Qxf4 Nxf4 0-1

[Event "EU-ch Online U2300 Qual"]
[Site "Chess.com INT"]
[Date "2020.05.25"]
[Round "6"]
[White "Yeke, Serkan"]
[Black "Khlichkova, Tatiana"]
[Result "1-0"]
[WhiteElo "2099"]
[BlackElo "2270"]
[PlyCount "109"]
[EventDate "2020.05.25"]
[EventType "swiss"]
[EventRounds "8"]
[EventCountry "NET"]
[SourceTitle "EXT 2021"]
[Source "ChessBase"]
[SourceDate "2020.10.23"]
[SourceVersion "1"]
[SourceVersionDate "2020.10.23"]
[SourceQuality "1"]

1. Nf3 d5 2. d4 c6 3. e3 Bg4 4. c4 e6 5. Qb3 Qb6 6. c5 Qxb3 7. axb3 Nd7 8. b4 Bxf3 9. gxf3 g6 10. f4 Ne7 11. Nc3 Bg7 12. b5 0-0 13. Bd2 Nf6 14. Bd3 b6 15. b4 Rfb8 16. Ke2 bxc5 17. bxc5 cxb5 18. Nxb5 a6 19. Nc7 Ra7 20. Nxa6 Rb2 21. Rhb1 Rab7 22. Rxb2 Rxb2 23. Rb1 Ra2 24. Nb4 Ra8 25. f3 Ne8 26. Na6 Nc6 27. Rb6 Na7 28. Rb7 Nc6 29. Bb5 Nd8 30. Rb8 Rxb8 31. Nxb8 Nc7 32. Ba4 Nb7 33. Bc6 Nd8 34. Ba5 Nxc6 35. Nxc6 Na6 36. Kd3 Kf8 37. Kc2 Ke8 38. Kb3 Kd7 39. Nd8 f6 40. Ka4 Bf8 41. Kb5 Nb8 42. c6+ Kc8 43. Nxe6 Ba3 44. Bc7 Bc1 45. e4 dxe4 46. fxe4 g5 47. fxg5 fxg5 48. d5 h5 49. d6 g4 50. Bxb8 Kxb8 51. d7 Bg5 52. c7+ Ka7 53. c8Q g3 54. Nc5 gxh2 55. Qb7# 1-0

[Event "TUR-chT 1st League"]
[Site "Konya"]
[Date "2019.07.28"]
[Round "9.10"]
[White "Portakalci, Yusuf"]
[Black "Yeke, Serkan"]
[Result "1/2-1/2"]
[WhiteElo "1764"]
[BlackElo "2104"]
[PlyCount "107"]
[EventDate "2019.07.22"]
[EventType "team-swiss"]
[EventRounds "9"]
[EventCountry "TUR"]
[SourceTitle "CBM 191 Extra"]
[Source "ChessBase"]
[SourceDate "2019.09.30"]
[SourceVersion "1"]
[SourceVersionDate "2019.09.30"]
[SourceQuality "1"]
[WhiteTeam "Istanbul Teknik Uni"]
[BlackTeam "Denizli Metin Surmeli"]
[WhiteTeamCountry "TUR"]
[BlackTeamCountry "TUR"]

1. d4 Nf6 2. c4 g6 3. Nf3 Bg7 4. g3 0-0 5. Bg2 d6 6. 0-0 Nc6 7. Nc3 a6 8. h3 Rb8 9. e4 Nd7 10. Be3 b5 11. cxb5 axb5 12. Rc1 Na5 13. b3 c6 14. Qe2 e5 15. dxe5 dxe5 16. Rfd1 Qe7 17. Rd2 Re8 18. Rcd1 Nb7 19. Ne1 Ndc5 20. Nd3 Ne6 21. Qf1 Na5 22. Nc1 Nd4 23. N1e2 b4 24. Na4 Ba6 25. Bxd4 exd4 26. Qe1 d3 27. Nf4 Bc3 28. Nxc3 bxc3 29. Rxd3 c2 30. Rc1 Bxd3 31. Nxd3 Rbd8 32. Qxa5 Rxd3 33. Rxc2 Qd6 34. Qa6 Re6 35. Qc4 h5 36. h4 Rd1+ 37. Kh2 Rd2 38. Qc3 Rxc2 39. Qxc2 Qd4 40. f4 Rd6 41. e5 Qd2 42. Qxd2 Rxd2 43. Kh3 c5 44. Be4 Rxa2 45. Bd5 Rf2 46. e6 fxe6 47. Bxe6+ Kg7 48. Bd5 Kf6 49. Bc4 Rc2 50. Bb5 Rc3 51. Bc4 Kf5 52. Bf7 Rc2 53. Bd5 Rd2 54. Bc4 1/2-1/2